Neziskové subjekty
Koexistencia verejného, komerčného a neziskového sektora. Organizácie neziskového sektora. Neziskový sektor a štát. Neziskový sektor a samospráva. Financovanie neziskových organizácií.
Uložené v:
| Hlavný autor: | |
|---|---|
| Médium: | Kapitola |
| Jazyk: | Slovak |
| Predmet: | |
| Tagy: |
Žiadne tagy, Buďte prvý, kto otaguje tento záznam!
|
MARC
| LEADER | 00000naa a2200000 4500 | ||
|---|---|---|---|
| 001 | 0184921 | ||
| 005 | 20231120130015.1 | ||
| 041 | 0 | |a slo | |
| 044 | |a SK | ||
| 245 | 1 | 0 | |a Neziskové subjekty |c Dagmar Hrášková |
| 520 | |a Koexistencia verejného, komerčného a neziskového sektora. Organizácie neziskového sektora. Neziskový sektor a štát. Neziskový sektor a samospráva. Financovanie neziskových organizácií. | ||
| 610 | 2 | 0 | |a legislatíva |
| 610 | 2 | 0 | |a organizácie neziskové |
| 610 | 2 | 0 | |a organizácie nefinančné |
| 610 | 2 | 0 | |a sektor štátny |
| 610 | 2 | 0 | |a sektor terciárny |
| 610 | 2 | 0 | |a samospráva |
| 610 | 2 | 0 | |a financovanie |
| 100 | 1 | |a Hrašková, Dagmar | |